| 000 | 00454nam a2200169Ia 4500 | ||
|---|---|---|---|
| 001 | 32622 | ||
| 003 | IN-NITTTR | ||
| 005 | 20251114233435.0 | ||
| 008 | 251113s9999||||xx |||||||||||||| ||eng|| | ||
| 040 | _beng | ||
| 040 | _cIN-NITTTR | ||
| 041 | _aeng | ||
| 082 | _aTK3105 .M53 2017eb | ||
| 100 | _aMahmoud, Magdi S. | ||
| 245 | 0 |
_aMicrogrid : _b Advanced Control Methods and Renewable Energy System Integration / _cMahmoud, Magdi S. |
|
| 942 |
_2ddc _cBK |
||
| 999 |
_c35470 _d35470 |
||